LDR 00994naa#a2200169#i#450# 001 RU\\bibl\121728 005 20260429195117.3 011 ## _a3034-4689 100 ## _a20260424b2026####ek#y0rusy0150####ca 102 ## _aRU 200 1# _aМОЛЕКУЛЯРНЫЕ СТРУКТУРЫ И ТЕРМОДИНАМИЧЕСКИЕ ХАРАКТЕРИСТИКИ M(V) (M= V, CR, MN, FE) МАКРОЦИКЛИЧЕСКИХ КОМПЛЕКСОВ СОДЕРЖАЩИХ [БЕНЗО]АННЕЛИРОВАННЫЕ ПОРФИРАЗИНЫ И НИТРИДО-ЛИГАНДЫ: АНАЛИЗ С ИСПОЛЬЗОВАНИЕМ ТЕОРИИ ФУНКЦИОНАЛА ПЛОТНОСТИ _eЖурнальная статья 210 1# _aКазань _cКазанский национальный исследовательский технологический университет _d2026 215 ## _a10 с. 608 ## _aЖурнальная статья _2local 700 #1 _aЧачков _gД В 700 #1 _aМихайлов _gО В 856 4# _avestniktu.ru _u